Skip to main content
Your cart is empty.
Your lists
Log in to create your own lists
Your cookies
العربية
English
العربية
Home
Search
Advanced search
Authority search
About
The noble scholar, jurist, historian
His Excellency Dr. Abdul Wahhab bin Ibrahim Abu Sulaiman, may Allah have mercy on him.
He was born in Umm Al-Qura in the year 1356 AH.
Library catalog
Title
Author
Subject
ISBN
ISSN
Series
Call number
Log in to your account
×
Login:
Password:
Home
MARC view: مباحث في البلاغة وإعجاز القرآن الكريم /
Normal view
MARC view
ISBD view
مباحث في البلاغة وإعجاز القرآن الكريم / (Record no. 13322)
[
view plain
]
MARC details
000 -LEADER
fixed length control field
02200cam a2200337 i 4500
003 - CONTROL NUMBER IDENTIFIER
control field
SA-RiAUC
005 - DATE AND TIME OF LATEST TRANSACTION
control field
20251117135110.0
008 - FIXED-LENGTH DATA ELEMENTS--GENERAL INFORMATION
fixed length control field
251006s2007 ts g f000 0 ara c
024 0# - OTHER STANDARD IDENTIFIER
Standard number or code
00000000963726
024 0# - OTHER STANDARD IDENTIFIER
Standard number or code
00000001019932
040 ## - CATALOGING SOURCE
Original cataloging agency
SA-JeALM
Language of cataloging
ara
Transcribing agency
SA-RiAUC
Modifying agency
AE-DuMBRL
Description conventions
rda
050 #4 - LIBRARY OF CONGRESS CALL NUMBER
Item number
R45 2007
082 04 - DEWEY DECIMAL CLASSIFICATION NUMBER
Classification number
225
Assigning agency
SA-RiAUC
090 ## - LOCALLY ASSIGNED LC-TYPE CALL NUMBER (OCLC); LOCAL CALL NUMBER (RLIN)
Classification number (OCLC) (R) ; Classification number, CALL (RLIN) (NR)
225
Local cutter number (OCLC) ; Book number/undivided call number, CALL (RLIN)
ز ن ج
100 1# - MAIN ENTRY--PERSONAL NAME
Personal name
زنجير، محمد رفعت
Relator term
مؤلف.
245 10 - TITLE STATEMENT
Title
مباحث في البلاغة وإعجاز القرآن الكريم /
Statement of responsibility, etc.
الدكتور محمد رفعت أحمد زنجير.
250 ## - EDITION STATEMENT
Edition statement
الطبعة الأولى.
264 #1 - PRODUCTION, PUBLICATION, DISTRIBUTION, MANUFACTURE, AND COPYRIGHT NOTICE
Place of production, publication, distribution, manufacture
دبي، الإمارات العربية المتحدة :
Name of producer, publisher, distributor, manufacturer
جائزة دبي الدولية للقرآن الكريم،
Date of production, publication, distribution, manufacture, or copyright notice
2007.
300 ## - PHYSICAL DESCRIPTION
Extent
500 صفحة ؛
Dimensions
24 سم.
336 ## - CONTENT TYPE
Content type term
نص
Content type code
txt
Source
rdacontent
Materials specified
كتاب
337 ## - MEDIA TYPE
Media type term
بدون وسيط
Media type code
n
Source
rdamedia
338 ## - CARRIER TYPE
Carrier type term
مجلد
Carrier type code
nc
Source
rdacarrier
490 1# - SERIES STATEMENT
Series statement
سلسلة الدراسات القرآنية ؛
Volume/sequential designation
2
520 ## - SUMMARY, ETC.
Summary, etc.
يتناول كتاب (مباحث في البلاغة وإعجاز القرآن الكريم) والذي قام بتأليفه د. محمد رفعت أحمد زنجير، موضوع (البلاغة والإعجاز) الكتاب بحث يقدم صورة موجزة عن الأعجاز في القرآن الكريم مراعا فيه المنهج التاريخي. وذلك ليكون ركيزة لمن أراد أن يضيف جديدا في باب البلاغة والإعجاز. ولما كان تاريخ البلاغة مرتبطا بالإعجاز في كيفية علوم العربية من نحو ونقد وأدب، فقد رأى المؤلف دمج التاريخين في بحث واحد، أسوة بما فعله بعض الفضلاء في هذا الباب لدراسة البلاغة عبر مراحلها التاريخية.
630 27 - SUBJECT ADDED ENTRY--UNIFORM TITLE
Uniform title
القرآن
General subdivision
بلاغة
Source of heading or term
aucut
630 27 - SUBJECT ADDED ENTRY--UNIFORM TITLE
Uniform title
القرآن
General subdivision
إعجاز لغوي
Source of heading or term
aucut
730 22 - ADDED ENTRY--UNIFORM TITLE
Uniform title
القرآن
830 #0 - SERIES ADDED ENTRY--UNIFORM TITLE
Uniform title
سلسلة الدراسات القرآنية (جائزة دبي الدولية للقرآن الكريم)
Volume/sequential designation
2
942 ## - ADDED ENTRY ELEMENTS (KOHA)
Source of classification or shelving scheme
Dewey Decimal Classification
Koha item type
Books
Suppress in OPAC
No
949 ## - LOCAL PROCESSING INFORMATION (OCLC)
a
SA-JeALM
d
251006
u
osman123
n
1
Holdings
Withdrawn status
Lost status
Source of classification or shelving scheme
Damaged status
Not for loan
Home library
Current library
Date acquired
Total checkouts
Full call number
Barcode
Date last seen
Price effective from
Koha item type
Dewey Decimal Classification
DR AbdElwahab Library
DR AbdElwahab Library
11/17/2025
225 ز ن ج
000021237
11/17/2025
11/17/2025
Books
Place hold
Print
Add to your cart
(remove)
Save record
BIBTEX
Dublin Core
MARCXML
MARC (non-Unicode/MARC-8)
MARC (Unicode/UTF-8)
MARC (Unicode/UTF-8, Standard)
MODS (XML)
RIS
ISBD
More searches
Search for this title in:
Other Libraries (WorldCat)
Other Databases (Google Scholar)
Online Stores (Bookfinder.com)
Open Library (openlibrary.org)
Exporting to Dublin Core...
×
Simple DC-RDF
OAI-DC
SRW-DC